Neoconstitucionalismo y derechos colectivos
Uloženo v:
| Hlavní autor: | |
|---|---|
| Médium: | Kniha |
| Jazyk: | španělština |
| Vydáno: |
Buenos Aires
Ediar
2005
|
| Témata: | |
| Tagy: |
Přidat tag
Žádné tagy, Buďte první, kdo vytvoří štítek k tomuto záznamu!
|
MARC
| LEADER | 00000nam a2200000 a 4500 | ||
|---|---|---|---|
| 001 | UCI1799 | ||
| 003 | CL-VaPUC | ||
| 008 | 070720e20050000AG |||||||||||||||||spa|d | ||
| 020 | |a 9505741863 | ||
| 082 | 0 | 4 | |a 342 |b GIL |2 21 |
| 100 | 0 | |a Gil Domínguez, Andrés |e author |9 522517 | |
| 245 | 1 | 0 | |a Neoconstitucionalismo y derechos colectivos |
| 300 | |a 269 p | ||
| 942 | |c BK | ||
| 945 | |d 20070720 00:00:00 |a rbrito | ||
| 260 | |a Buenos Aires |b Ediar |c 2005 | ||
| 650 | 0 | |a Derecho constitucional |9 222588 | |
| 650 | 7 | |a GARANTISMO |2 CL-VaPUC |9 439479 | |
| 650 | 0 | |a Derechos fundamentales |9 254841 | |
| 650 | 7 | |a DERECHOS COLECTIVOS |2 CL-VaPUC |9 522518 | |
| 650 | 0 | |a Constitución política |9 336925 | |
| 583 | |a last modification |c 20070720 00:00:00 |k Rodrigo Vera | ||
| 999 | |c 326535 |d 326533 | ||
| 952 | |0 0 |1 0 |4 0 |6 342_000000000000000_GIL_2005 |7 0 |8 A |9 408459 |a BIBDER |b BIBDER |d 2019-11-22 |i 4355687 |o 342 GIL 2005 |p 4355687 |r 2023-01-25 |w 2019-11-22 |y BK |k DER | ||